Taylor Swift Eras Tour Setlist - Statistics

General Stats
  • This quiz has been taken 165 times
  • The average score is 36 of 44
Answer Stats
Answer % Correct
Cruel Summer
96%
Lover
96%
Fearless
95%
Miss Americana And The Heartbreak Prince
94%
The Man
94%
Love Story
91%
The Archer
91%
You Belong With Me
91%
Karma
89%
You Need To Calm Down
89%
22
88%
Enchanted
88%
Willow
88%
Anti-Hero
87%
Don't Blame Me
87%
Midnight Rain
87%
Shake It off
87%
August
86%
Ready for it
86%
We Are Never Ever Getting Back Together
86%
Delicate
85%
Bad Blood
84%
Marjorie
84%
The 1
84%
Bejeweled
83%
Betty
83%
Blank Space
83%
Cardigan
83%
Champagne Problems
83%
I Knew You Were Trouble
83%
Look What You Made Me Do
83%
Vigilante shit
83%
Lavender Haze
82%
Style
81%
The Last Great American Dynasty
80%
Tolerate It
79%
Wildest Dreams
79%
Illicit Affairs
77%
Mastermind
76%
My Tears Ricochet
73%
All too well ( 10 minute version )
66%
Tis the Damn Season
66%
Mirrorball
35%
Tim McGraw
35%
No matching quizzes found
Score Distribution
Percent of People with Each Score
Percentile by Number Answered
Your Score History
You have not taken this quiz